Managing local government : an essential guide for municipal and county managers / Kimberly L. Nelson, Carl W. Stenberg. (Record no. 22390)

000 -LEADER
fixed length control field 00637nam a22001697a 4500
020 ## - INTERNATIONAL STANDARD BOOK NUMBER
ISBN 9781071916575
082 ## - DEWEY DECIMAL CLASSIFICATION NUMBER
Classification number 352.14
Item number N427 2026
100 ## - MAIN ENTRY--AUTHOR NAME
Personal name Nelson, Kimberly, author.
245 ## - TITLE STATEMENT
Title Managing local government : an essential guide for municipal and county managers / Kimberly L. Nelson, Carl W. Stenberg.
250 ## - EDITION STATEMENT
Edition statement Second edition.
260 ## - PUBLICATION, DISTRIBUTION, ETC. (IMPRINT)
Year of publication c2026.
Place of publication United States of America :
Name of publisher CQ Press,
300 ## - PHYSICAL DESCRIPTION
Number of Pages 1 online resource, xxii, 408 pages :
Other physical details illustrations.
500 ## - GENERAL NOTE
General note Includes bibliographical references and index.
650 ## - SUBJECT ADDED ENTRY--TOPICAL TERM
Topical Term Local government -- Management.
700 ## - ADDED ENTRY--PERSONAL NAME
Personal name Stenberg, Carl, author.
942 ## - ADDED ENTRY ELEMENTS (KOHA)
Koha item type Electronic Books
Holdings
Koha item type Collection code Shelving location Lost status Permanent Location Withdrawn status Current Location Date acquired
BooksE-BooksE-Resource Section Cagayan State University - Carig Library Cagayan State University - Carig Library2026-04-16

Cagayan State University University Library, Carig Campus
Tuguegarao City, Cagayan 3500 | www.csucarig.edu.ph

Powered by Koha